EUA ou China? - Statistics

Estatísticas Gerais
  • Esse quiz foi jogado 243 vezes
  • A pontuação média é 11 de 15
Estatísticas das Respostas
Questão Resposta % Correto
É um país americano EUA
100%
Já foi o país mais populoso do mundo, mas perdeu esse título para a Índia, em 2023 China
99%
Tem amarelo em sua bandeira China
95%
Já foi diferentes dinastias imperiais em sua história China
94%
Sua capital, traduzida em inglês, começa com "B" China
92%
Tem uma população maior que 200 milhões Ambos
86%
Está mais próximo territorialmente de Cuba do que o Brasil EUA
86%
Tem acesso a algum oceano Ambos
77%
Aproximadamente 31,5% de sua bandeira é vermelha EUA
75%
Normalmente, é conhecido como a maior superpotência mundial EUA
71%
Existe uma celebração neste país chamada Ano Novo... o nome de seu país (Chinês / Estadunidense) China
68%
Está mais próximo territorialmente de Japão do que a Mongólia China
63%
Tem MAIS de 5 estrelas em sua bandeira EUA
62%
Está localizado inteiramente ao norte mundial Ambos
45%
Possui um exclave EUA
34%
Nenhum quiz correspondente encontrado
Distribuição das Pontuações
Porcentagem de Pessoas com Cada Pontuação
Percentil de Números Respondidos
Sua Pontuação Histórica
Você não jogou esse quiz